书目信息 |
| 题名: |
青少年健康之友
|
|
| 作者: | 周伟英 编 | |
| 分册: | ||
| 出版信息: | 长沙 湖南科学技术出版社 1981 |
|
| 页数: | 87页 | |
| 开本: | 19cm | |
| 丛书名: | ||
| 单 册: | ||
| 中图分类: | R161.5 | |
| 科图分类: | ||
| 主题词: | 青少年-健康 , 健康-青少年 | |
| 电子资源: | ||
| ISBN: | ||
| 000 | 00634nam0 2200241 45 | |
| 001 | 0181001019 | |
| 005 | 20060816111205.04 | |
| 010 | @dCNY0.29 | |
| 091 | @a14204.40 | |
| 100 | @a19950613d1981 em y0chiy0121 ea | |
| 101 | 0 | @achi |
| 102 | @aCN@b430000 | |
| 105 | @ay z 000yy | |
| 200 | 10 | @a青少年健康之友@Aqing shao nian jian kang zhi you@f周伟英编 |
| 210 | @a长沙@c湖南科学技术出版社@d1981 | |
| 215 | @a87页@d19cm | |
| 606 | @a青少年-健康 | |
| 606 | @a健康-青少年 | |
| 690 | @aR161.5@v3 | |
| 701 | 0 | @a周伟英@Azhou wei ying@4编 |
| 801 | 0 | @aCN@bTSSF@c20060816 |
| 801 | 2 | @aCN@bNLC@c20060815 |
| 905 | @a10447@dR161.5@e91 | |
| 青少年健康之友/周伟英编.-长沙:湖南科学技术出版社,1981 |
| 87页;19cm |
| ISBN :CNY0.29 |
| ● |
| 相关链接 |
|
|
|
|
正题名:青少年健康之友
索取号:R161.5/91
 
预约/预借
| 序号 | 登录号 | 条形码 | 馆藏地/架位号 | 状态 | 备注 |
| 1 | 0458353 | 204583539 | 密集书库/ [索取号:R161.5/91] | 在馆 | |
| 2 | 0458683 | 204586830 | 密集书库/ [索取号:R161.5/91] | 在馆 |